El Movimiento Nueva Joya, entre la espontaneidad y la organización

সংরক্ষণ করুন:
গ্রন্থ-পঞ্জীর বিবরন
প্রধান লেখক: Ruiz Villareal, Lilia
বিন্যাস: পাঠ‍্য
প্রকাশিত: s.l: s.e
ট্যাগগুলো: ট্যাগ যুক্ত করুন
কোনো ট্যাগ নেই, প্রথমজন হিসাবে ট্যাগ করুন!

MARC

LEADER 00000 a a2200000 04500
001 25246
003
040
090 |a 180600  
100 |a Ruiz Villareal, Lilia  
245 |a El Movimiento Nueva Joya, entre la espontaneidad y la organización  
260 |a s.l:   |b s.e  
300 |a 19 p  
999 |c 3816  |d 3816